Analysis of the Preservation of the Double-entry Bookkeeping Principle in the Reporting of Data in the Financial Statements of the Slovak Republic
Popis vývoja podvojného účtovníctva v účtovníctve v Slovenskej republike, zdôraznenie jeho základných princípov, poukázanie a postup elektronizácie v SR a analyzovanie zachovania princípu rovnováhy vo vykazovaní údajov v účtovnej závierke na vybranej vzorke účtovných jednotiek na Slovensku.
Saved in:
| Main Author: | |
|---|---|
| Other Authors: | |
| Format: | Book Chapter |
| Language: | English |
| Subjects: | |
| Tags: |
No Tags, Be the first to tag this record!
|
MARC
| LEADER | 00000naa$a2200000$$$4500 | ||
|---|---|---|---|
| 001 | 0300113 | ||
| 005 | 20240502084013.5 | ||
| 041 | 0 | |a eng | |
| 044 | |a CZ | ||
| 245 | 1 | 0 | |a Analysis of the Preservation of the Double-entry Bookkeeping Principle in the Reporting of Data in the Financial Statements of the Slovak Republic |c Renáta Stanley, Zuzana Kubaščíková |
| 520 | |a Popis vývoja podvojného účtovníctva v účtovníctve v Slovenskej republike, zdôraznenie jeho základných princípov, poukázanie a postup elektronizácie v SR a analyzovanie zachovania princípu rovnováhy vo vykazovaní údajov v účtovnej závierke na vybranej vzorke účtovných jednotiek na Slovensku. | ||
| 610 | 2 | 0 | |a účtovníctvo |
| 610 | 2 | 0 | |a účtovníctvo podvojné |
| 610 | 2 | 0 | |a závierka účtovná |
| 610 | 2 | 0 | |a registre |
| 610 | 2 | 0 | |a Slovensko |
| 610 | 2 | 0 | |a prípady účtovné |
| 610 | 2 | 0 | |a výkazy účtovné |
| 100 | 1 | |a Stanley, Renáta, 1981- | |
| 700 | 1 | |a Kubaščíková, Zuzana, 1982- | |